| 000 | 00359nam a2200109 4500 | ||
|---|---|---|---|
| 999 |
_c11276 _d11276 |
||
| 003 | OSt | ||
| 005 | 20230216174416.0 | ||
| 008 | 230216b ||||| |||| 00| 0 eng d | ||
| 245 | _aBuilding construction and structural fire protection manual of firemanship survey of the science of fire -fighting | ||
| 260 | _bHer Majesty's stationery office-London | ||
| 942 | _2ddc | ||